000 00392nam a2200157Ia 4500
008 200103s9999||||xx |||||||||||||| ||und||
020 _a9780582247055
040 _aIMU-MPC
082 _aColumn-53
100 _aHughes, Edward
245 0 _aHughes Electrical Technology
250 _a7th Ed.
260 _bEducational Low-Priced Books Scheme
_c1995
300 _axii, 803
942 _cBK
999 _c10135
_d10135